000 00951nam a2200457Ia 4500
001 11731
003 23097
005 20241225063431.0
008 ||||||n9999 ||| || ||
041 _aspa
082 _219
_a920
100 _aMesa Ortiz, Rafael
_919495
245 0 _aColombianos ilustres
_bestudios y biografias
260 _aBogotá :
_bS.N.,
_c2016.
300 _a3v
562 _e3
650 0 _aBiografĂ­as
_9493
650 _aCOLOMBIA
_919496
650 _aPERSONAJES
_915269
942 _cBKM
999 _c11731
_d11731
526 _a
526 _a17598
526 _a102617
526 _a102618
526 _a15794
526 _a102619
526 _a1703
526 _a102620
526 _a10406
526 _a105630
526 _a1698
526 _a116204
526 _a51868
526 _a4969
526 _a19790
526 _a104436
526 _a5144
526 _a1697
526 _a3899
526 _a9683